[Event "BL 2425 Schachfreunde Deizisau - SC Heim"]
[Site "?"]
[Date "2025.01.11"]
[Round "5.7"]
[White "Kosakowski, Jakub"]
[Black "Dautov, Rustem"]
[Result "1/2-1/2"]
[WhiteElo "2539"]
[BlackElo "2564"]
[PlyCount "153"]
[EventDate "2025.??.??"]

1. e4 c6 2. d4 d5 3. e5 Bf5 4. h4 h5 5. c4 e6 6. Nc3 dxc4 7. Bxc4 Nd7 8. Nge2 Be7 9. g3 Nh6 10. Bf4 Qb6 11. Qd2 Qb4 12. Bd3 Bxd3 13. Qxd3 Nf5 14. Bd2 Qb6 15. Qe4 O-O-O 16. O-O-O Qa6 17. Kb1 Nb6 18. Bc1 Nd5 19. Nxd5 cxd5 20. Qd3 Qxd3+ 21. Rxd3 Kd7 22. Bd2 Rc8 23. Rc1 Rc4 24. b3 Rxc1+ 25. Bxc1 Rc8 26. Ng1 a5 27. Bd2 Bd8 28. Nf3 b5 29. Rc3 Rxc3 30. Bxc3 b4 31. Bb2 Nh6 32. Ne1 Ng4 33. Nd3 g5 34. hxg5 Bxg5 35. a3 bxa3 36. Bc3 h4 37. gxh4 Bxh4 38. Bxa5 Nxf2 39. Nxf2 Bxf2 40. Bc3 Bh4 41. Ka2 Be7 42. b4 Kc6 43. Kxa3 Kb5 44. Kb3 Bh4 45. Bd2 Bf2 46. Bc3 Be3 47. Bb2 Bd2 48. Bc3 Bxc3 49. Kxc3 Ka4 50. b5 Kxb5 51. Kb3 Kb6 52. Kb2 Kb7 53. Kb1 Kb8 54. Kb2 Kc7 55. Kc1 Kd7 56. Kd1 Ke7 57. Ke1 f6 58. exf6+ Kf7 59. Kf1 Kg6 60. Kg2 Kxf6 61. Kf2 Ke7 62. Ke1 Kd6 63. Kd2 Kd7 64. Kd1 Kc7 65. Kc1 Kc8 66. Kc2 Kd8 67. Kd2 Ke7 68. Ke1 Kf7 69. Kf1 Kf8 70. Kf2 Ke8 71. Ke2 Kd8 72. Kd2 Kd7 73. Kd1 Kc6 74. Kc2 Kc7 75. Kc1 Kd6 76. Kd2 Ke7 77. Ke1 1/2-1/2

[Event "BL 2425 Schachfreunde Deizisau - SC Heim"]
[Site "?"]
[Date "2025.01.11"]
[Round "5.8"]
[White "Heimann, Andreas"]
[Black "Winterberg, Lukas"]
[Result "1/2-1/2"]
[WhiteElo "2547"]
[BlackElo "2411"]
[PlyCount "48"]
[EventDate "2025.??.??"]

1. d4 d5 2. c4 dxc4 3. Nf3 Nf6 4. e3 e6 5. Bxc4 c5 6. O-O Nc6 7. Qe2 a6 8. a4 cxd4 9. Rd1 Be7 10. exd4 O-O 11. Nc3 Nb4 12. Qe5 Bd6 13. Qg5 Nfd5 14. Qg4 f5 15. Qh5 Qc7 16. Bb3 h6 17. Nxd5 Nxd5 18. Bxh6 gxh6 19. Bxd5 exd5 20. Qg6+ Kh8 21. Qxh6+ Kg8 22. Qg6+ Kh8 23. Qh6+ Kg8 24. Qg6+ Kh8 1/2-1/2

[Event "BL 2425 SF Bad Mergentheim - FC Bayern M"]
[Site "?"]
[Date "2025.01.11"]
[Round "5.1"]
[White "Tabatabaei, M. Amin"]
[Black "Kazakouski, Valery"]
[Result "1-0"]
[WhiteElo "2668"]
[BlackElo "2562"]
[PlyCount "67"]
[EventDate "2025.??.??"]

1. e4 e5 2. Nf3 Nc6 3. Bc4 Bc5 4. d3 Nf6 5. O-O h6 6. c3 d6 7. Re1 O-O 8. Nbd2 a5 9. h3 Be6 10. b3 Ba7 11. a4 Nh5 12. Nf1 Qf6 13. Ra2 Nf4 14. Ng3 g6 15. d4 Bxc4 16. bxc4 Kh7 17. Be3 Nd8 18. Rb2 Nde6 19. Rxb7 Bb6 20. c5 Nd8 21. Rxb6 cxb6 22. cxd6 Nc6 23. dxe5 Nxe5 24. Nxe5 Qxe5 25. Qd2 Ne6 26. f4 Qg7 27. Bxb6 Ra6 28. Bf2 Qf6 29. f5 Ng7 30. e5 Qd8 31. Ne4 Nxf5 32. g4 Nxd6 33. exd6 f5 34. Qd3 1-0

[Event "BL 2425 SF Bad Mergentheim - FC Bayern M"]
[Site "?"]
[Date "2025.01.11"]
[Round "5.2"]
[White "Pultinevicius, Paulius"]
[Black "Fedoseev, Vladimir"]
[Result "0-1"]
[WhiteElo "2579"]
[BlackElo "2717"]
[PlyCount "70"]
[EventDate "2025.??.??"]

1. d4 Nf6 2. c4 e6 3. Nf3 d5 4. Nc3 Bb4 5. cxd5 exd5 6. Bf4 c5 7. g3 Nc6 8. Bg2 c4 9. O-O O-O 10. Bg5 Be6 11. Ne1 Be7 12. Nc2 Rc8 13. Re1 Rc7 14. b3 cxb3 15. axb3 Nb4 16. Bxf6 gxf6 17. Nxb4 Bxb4 18. Nb5 Rc8 19. Rf1 Qb6 20. Na3 Bc3 21. Ra2 Bxd4 22. Rd2 Bc5 23. Nc2 Qxb3 24. Qa1 Kg7 25. Nd4 Qc4 26. Rfd1 a5 27. Qb1 Bxd4 28. Rxd4 Qc2 29. Qxb7 Qxe2 30. Bf1 Qc2 31. Ra1 Rb8 32. Qe7 Rfe8 33. Qa3 Rb1 34. g4 Reb8 35. Qxa5 Qe2 0-1

[Event "BL 2425 SF Bad Mergentheim - FC Bayern M"]
[Site "?"]
[Date "2025.01.11"]
[Round "5.3"]
[White "Santos Latasa, Jaime"]
[Black "Laurusas, Tomas"]
[Result "1-0"]
[WhiteElo "2632"]
[BlackElo "2580"]
[PlyCount "95"]
[EventDate "2025.??.??"]

1. c4 c6 2. Nf3 d5 3. e3 Nf6 4. Nc3 a6 5. d4 g6 6. a4 Bg7 7. a5 O-O 8. h3 dxc4 9. Bxc4 c5 10. d5 Nbd7 11. O-O b5 12. axb6 Nxb6 13. Ba2 Bf5 14. g4 Bd7 15. e4 Bb5 16. Re1 Nfd7 17. e5 c4 18. Bb1 Nc5 19. Be3 Rc8 20. Bc2 Qd7 21. Qd2 Rfd8 22. Rad1 Qb7 23. Bxc5 Rxc5 24. Be4 Qb8 25. Qe3 Rcc8 26. Bb1 Be8 27. Rd2 Nd7 28. h4 Qb6 29. Qf4 f6 30. exf6 Qxf6 31. Qe3 Nc5 32. d6 e6 33. Red1 Bb5 34. g5 Qf7 35. Ne5 Bxe5 36. Qxe5 Nd7 37. Qe3 Rf8 38. Re1 Rce8 39. Be4 Ne5 40. Kg2 Qd7 41. Qc5 Qg7 42. Nxb5 axb5 43. Qxb5 Rb8 44. Qc5 Rfc8 45. Qd4 Nd7 46. Qxg7+ Kxg7 47. Bd5 Nf8 48. d7 1-0

[Event "BL 2425 SF Bad Mergentheim - FC Bayern M"]
[Site "?"]
[Date "2025.01.11"]
[Round "5.4"]
[White "Rakotomaharo, Fy Antenaina"]
[Black "Dragnev, Valentin"]
[Result "1/2-1/2"]
[WhiteElo "2430"]
[BlackElo "2563"]
[PlyCount "173"]
[EventDate "2025.??.??"]

1. e4 e6 2. d4 d5 3. Nd2 c5 4. Ngf3 cxd4 5. Nxd4 Nc6 6. Bb5 Bd7 7. Nxc6 bxc6 8. Bd3 Bd6 9. Qe2 Qc7 10. Nf3 dxe4 11. Qxe4 Nf6 12. Qh4 c5 13. Bg5 Ke7 14. Nd2 Be5 15. Nc4 h6 16. Nxe5 Qxe5+ 17. Be3 Rab8 18. O-O Rb4 19. c4 Rxb2 20. Rfe1 Ba4 21. Bf1 Qd6 22. Rac1 Rhb8 23. g3 Rxa2 24. Rc3 Qe5 25. Rd3 Kf8 26. f4 Qf5 27. Bf2 Kg8 28. Re5 Qg6 29. f5 exf5 30. Bxc5 Ra1 31. Bd4 Rc1 32. Be3 Rxf1+ 33. Kxf1 f4 34. Rd2 Rb1+ 35. Ke2 fxe3 36. Rxe3 Qf5 37. Qf4 Qh5+ 38. g4 Qc5 39. h4 Qc6 40. Rd8+ Kh7 41. Qf5+ g6 42. Qxb1 Qxc4+ 43. Kd2 Qxg4 44. Re7 Qf4+ 45. Kc3 Ng8 46. Rb7 Bc6 47. Rbb8 Nf6 48. Qe1 Be4 49. Kb2 Qe5+ 50. Ka3 Qc5+ 51. Kb2 Qc2+ 52. Ka3 Bd5 53. Rh8+ Kg7 54. Qe5 Qa2+ 55. Kb4 Qc4+ 56. Ka3 Qa2+ 57. Kb4 a5+ 58. Kb5 Qc4+ 59. Kb6 Qc6+ 60. Ka7 Qd7+ 61. Kb6 Qc6+ 62. Ka7 Qc5+ 63. Rb6 Kxh8 64. Qxf6+ Kg8 65. h5 gxh5 66. Qxh6 Be6 67. Qf6 a4 68. Kb7 a3 69. Rc6 Qb5+ 70. Kc7 Qa5+ 71. Kb8 Qb5+ 72. Kc7 Qa5+ 73. Kb8 Qb4+ 74. Kc7 Qg4 75. Rc5 Qg3+ 76. Kb7 Qb3+ 77. Kc7 Qg3+ 78. Kb7 Qg2+ 79. Kc7 Qh2+ 80. Kc6 Qg2+ 81. Kc7 Qh2+ 82. Kc6 Kh7 83. Rg5 Qc2+ 84. Kb6 Qb2+ 85. Qxb2 axb2 86. Rxh5+ Kg6 87. Rb5 1/2-1/2

[Event "BL 2425 SF Bad Mergentheim - FC Bayern M"]
[Site "?"]
[Date "2025.01.11"]
[Round "5.5"]
[White "Alonso Rosell, Alvar"]
[Black "Razafindratsima, Timothe"]
[Result "1/2-1/2"]
[WhiteElo "2544"]
[BlackElo "2476"]
[PlyCount "49"]
[EventDate "2025.??.??"]

1. d4 Nf6 2. Nf3 e6 3. c4 d5 4. g3 Nc6 5. Bg2 Bd6 6. O-O O-O 7. b3 Re8 8. Bb2 b6 9. Nc3 Bb7 10. Rc1 Rc8 11. Nb5 a6 12. Nxd6 cxd6 13. Nd2 Rc7 14. e4 Nb4 15. e5 dxe5 16. dxe5 Nd7 17. cxd5 Rxc1 18. Qxc1 Nd3 19. Qc3 Nxb2 20. Qxb2 Bxd5 21. Bxd5 exd5 22. Nf3 d4 23. e6 Rxe6 24. Qxd4 h6 25. Rd1 1/2-1/2

[Event "BL 2425 SF Bad Mergentheim - FC Bayern M"]
[Site "?"]
[Date "2025.01.11"]
[Round "5.6"]
[White "Ikonnikov, Vyacheslav"]
[Black "Lokander, Martin"]
[Result "1/2-1/2"]
[WhiteElo "2436"]
[BlackElo "2468"]
[PlyCount "72"]
[EventDate "2025.??.??"]

1. d4 Nf6 2. Nf3 g6 3. c4 Bg7 4. Nc3 d5 5. cxd5 Nxd5 6. e4 Nxc3 7. bxc3 c5 8. Bb5+ Nc6 9. O-O O-O 10. Bxc6 bxc6 11. Qc2 cxd4 12. cxd4 Bg4 13. Ne5 Qxd4 14. Bb2 Qb6 15. Rab1 Bxe5 16. Bxe5 Qa5 17. Bc3 Qc5 18. h3 Be2 19. Rfc1 Ba6 20. Qd2 Qd6 21. Qh6 f6 22. e5 fxe5 23. Re1 Rf5 24. g4 Rf7 25. Bxe5 Qd5 26. Rbd1 Qxa2 27. Qe3 Raf8 28. Ra1 Qc4 29. Rec1 Qe2 30. Qxe2 Bxe2 31. Rxa7 Rxf2 32. Rxe7 R2f7 33. Rxf7 Kxf7 34. Rxc6 Re8 35. Rc7+ Re7 36. Rxe7+ Kxe7 1/2-1/2

[Event "BL 2425 SF Bad Mergentheim - FC Bayern M"]
[Site "?"]
[Date "2025.01.11"]
[Round "5.7"]
[White "Girel, Joseph"]
[Black "Neuman, Petr"]
[Result "1/2-1/2"]
[WhiteElo "2490"]
[BlackElo "2434"]
[PlyCount "44"]
[EventDate "2025.??.??"]

1. d4 d5 2. c4 c6 3. Nf3 Nf6 4. e3 g6 5. Nc3 Bg7 6. Be2 O-O 7. O-O dxc4 8. Bxc4 Bg4 9. h3 Bxf3 10. Qxf3 Nbd7 11. Rd1 e5 12. d5 e4 13. Nxe4 Nxe4 14. Qxe4 Nb6 15. Bb3 cxd5 16. Qd3 Qe7 17. Rb1 Rac8 18. Qb5 Rc5 19. Qb4 Rfc8 20. Bd2 Nc4 21. Bxc4 dxc4 22. Bc3 R5c7 1/2-1/2

[Event "BL 2425 SF Bad Mergentheim - FC Bayern M"]
[Site "?"]
[Date "2025.01.11"]
[Round "5.8"]
[White "Gasthofer, Alexander"]
[Black "Bischoff, Klaus"]
[Result "1/2-1/2"]
[WhiteElo "2387"]
[BlackElo "2433"]
[PlyCount "40"]
[EventDate "2025.??.??"]

1. Nf3 Nf6 2. c4 e6 3. g3 b6 4. Bg2 Bb7 5. O-O Be7 6. Nc3 c5 7. d4 Ne4 8. Nxe4 Bxe4 9. Bf4 d6 10. Qd2 a5 11. Rad1 Ra6 12. Qe3 Bb7 13. d5 exd5 14. cxd5 O-O 15. Qd3 Ra7 16. Rfe1 Nd7 17. e4 Ba6 18. Qd2 f6 19. Be3 Bc8 20. h3 Ne5 1/2-1/2

[Event "BL 2425 USV TU Dresden - SV Deggendorf"]
[Site "?"]
[Date "2025.01.11"]
[Round "5.1"]
[White "Narayanan S L"]
[Black "Bartel, Mateusz"]
[Result "1/2-1/2"]
[WhiteElo "2638"]
[BlackElo "2625"]
[PlyCount "123"]
[EventDate "2025.??.??"]

1. Nf3 d5 2. g3 Nd7 3. d4 Nb6 4. b3 Bf5 5. a4 a5 6. Ba3 g6 7. Bg2 Bg7 8. O-O Nf6 9. e3 O-O 10. Nbd2 Ne4 11. Nh4 Bg4 12. Qxg4 Nxd2 13. Rfc1 Re8 14. Qd1 Ne4 15. Nf3 e6 16. c4 c6 17. Qc2 f5 18. Ne5 Nd7 19. Nd3 Rc8 20. Bb2 Qb6 21. Rab1 Bf8 22. f3 Nef6 23. Bc3 Qd8 24. Qd2 Ra8 25. Re1 Bh6 26. Qe2 Qe7 27. Kh1 Bg7 28. Qd2 Qd8 29. Qa2 Kh8 30. Re2 Qc7 31. Rbe1 b5 32. cxb5 cxb5 33. Rc1 Qb8 34. Rec2 Rc8 35. axb5 Qxb5 36. Bf1 Qb6 37. Bd2 Rxc2 38. Rxc2 g5 39. Qa4 g4 40. fxg4 fxg4 41. b4 Qb7 42. bxa5 Ne4 43. Be1 Bh6 44. Be2 Bxe3 45. Bxg4 Ndf6 46. Bf3 Qa7 47. Nc5 Qf7 48. Qc6 Rb8 49. Kg2 Ng5 50. Be2 Rb1 51. Nd3 Bxd4 52. h4 Nge4 53. Qc8+ Ng8 54. Bg4 Nc5 55. Bf2 Nxd3 56. Bxd4+ e5 57. Bf2 Rc1 58. Bf3 Nf4+ 59. Kh2 Nd3 60. Kg2 Nf4+ 61. Kh2 Nd3 62. Kg2 1/2-1/2

[Event "BL 2425 USV TU Dresden - SV Deggendorf"]
[Site "?"]
[Date "2025.01.11"]
[Round "5.2"]
[White "Pechac, Jergus"]
[Black "Indjic, Aleksandar"]
[Result "1/2-1/2"]
[WhiteElo "2599"]
[BlackElo "2647"]
[PlyCount "118"]
[EventDate "2025.??.??"]

1. e4 e5 2. Nf3 Nf6 3. Nxe5 d6 4. Nf3 Nxe4 5. d4 d5 6. Bd3 Bd6 7. O-O O-O 8. c4 c6 9. Nc3 Nxc3 10. bxc3 dxc4 11. Bxc4 Bg4 12. h3 Bh5 13. g4 Bg6 14. Ne5 b5 15. Nxg6 hxg6 16. Be2 Nd7 17. Bf3 Qc7 18. a4 Rab8 19. Qd3 bxa4 20. Rxa4 Nb6 21. Ra6 Qd7 22. Bd2 Rbc8 23. Kg2 Bb8 24. Rh1 c5 25. d5 c4 26. Qd4 Rfd8 27. Ra5 Qc7 28. Rb5 Re8 29. Be3 Qd7 30. Ra5 Qd6 31. Ra6 Re7 32. Bc1 Rd7 33. Ra5 Rcd8 34. Bg5 Re8 35. Bc1 Qc7 36. Be3 Rde7 37. Bg5 Rd7 38. Rc5 Qd6 39. Rc6 Qa3 40. Bc1 Qe7 41. Rd1 Be5 42. Qe3 Qd8 43. Re1 Ree7 44. Rd1 Nxd5 45. Qc5 Nb6 46. Bg5 f6 47. Rxd7 Qxd7 48. Be3 Re6 49. Qb5 Rxc6 50. Bxc6 Qd6 51. Be4 Qd7 52. Bc6 Qd6 53. Bc5 Qd8 54. h4 Qc8 55. Kh3 f5 56. f3 fxg4+ 57. fxg4 Qd8 58. Be4 Kh8 59. Bxb6 Qxb6 1/2-1/2

[Event "BL 2425 USV TU Dresden - SV Deggendorf"]
[Site "?"]
[Date "2025.01.11"]
[Round "5.3"]
[White "Sankalp Gupta"]
[Black "Vogel, Roven"]
[Result "0-1"]
[WhiteElo "2550"]
[BlackElo "2538"]
[PlyCount "102"]
[EventDate "2025.??.??"]

1. e4 c5 2. Nf3 Nc6 3. d4 cxd4 4. Nxd4 Nf6 5. Nc3 e5 6. Ndb5 d6 7. Nd5 Nxd5 8. exd5 Nb8 9. a4 Be7 10. Be2 O-O 11. O-O Nd7 12. a5 a6 13. Nc3 f5 14. b4 e4 15. f3 Bf6 16. Ra3 exf3 17. Bxf3 Qc7 18. Ne2 Qc4 19. Qd2 Ne5 20. Rc3 Nxf3+ 21. Rfxf3 Bxc3 22. Rxc3 Qh4 23. Bb2 Qxb4 24. Qc1 Rf7 25. Rb3 Qc5+ 26. Bd4 Qxd5 27. c4 Qxa5 28. Nf4 Bd7 29. Ra3 Ba4 30. Nd5 Re8 31. Kf1 Qd8 32. Rxa4 Qh4 33. Bg1 Re4 34. h3 f4 35. Bf2 Qh5 36. Qb1 Qe2+ 37. Kg1 Rxc4 38. Ra2 Qe5 39. Qd1 Rf5 40. Ra5 Kh8 41. Nb6 Qxa5 42. Nxc4 Qd5 43. Qe2 h6 44. Qe8+ Kh7 45. Nb6 Qd1+ 46. Kh2 Qc2 47. Nc8 Qc6 48. Qxc6 bxc6 49. Nxd6 Rd5 50. Ne4 a5 51. Nc5 Rd2 0-1

[Event "BL 2425 USV TU Dresden - SV Deggendorf"]
[Site "?"]
[Date "2025.01.11"]
[Round "5.4"]
[White "Nisipeanu, Liviu-Dieter"]
[Black "Petrov, Martin"]
[Result "1/2-1/2"]
[WhiteElo "2592"]
[BlackElo "2550"]
[PlyCount "40"]
[EventDate "2025.??.??"]

1. e4 c5 2. Nf3 d6 3. Bb5+ Bd7 4. Bxd7+ Nxd7 5. O-O e6 6. Qe2 Be7 7. c3 Ngf6 8. d4 O-O 9. Rd1 Qc7 10. e5 dxe5 11. dxe5 Nd5 12. c4 Nb4 13. Nc3 a6 14. Bf4 Rfd8 15. h4 Nf8 16. h5 Rxd1+ 17. Rxd1 Rd8 18. a3 Rxd1+ 19. Qxd1 Nc6 20. Ne4 Qd7 1/2-1/2

[Event "BL 2425 USV TU Dresden - SV Deggendorf"]
[Site "?"]
[Date "2025.01.11"]
[Round "5.5"]
[White "Bogosavljevic, Boban"]
[Black "Michalik, Peter"]
[Result "1/2-1/2"]
[WhiteElo "2475"]
[BlackElo "2558"]
[PlyCount "82"]
[EventDate "2025.??.??"]

1. Nf3 d5 2. d4 Nf6 3. g3 c5 4. Bg2 cxd4 5. O-O a6 6. Nxd4 e5 7. Nb3 Be7 8. Bg5 Nbd7 9. c4 dxc4 10. N3d2 Qc7 11. Qc1 Nb6 12. a4 Be6 13. b3 O-O 14. a5 Nbd7 15. Nxc4 Rac8 16. Nbd2 Qb8 17. Qb2 Bc5 18. Bxf6 Bd4 19. Bxe5 Bxe5 20. Nxe5 Nxe5 21. Rfc1 f6 22. Rxc8 Rxc8 23. Rc1 Rd8 24. Nc4 Nc6 25. b4 h5 26. h3 h4 27. g4 Qf4 28. e3 Qg5 29. Nd2 Qb5 30. Ne4 Bf7 31. Nc3 Qxb4 32. Qxb4 Nxb4 33. Rb1 Na2 34. Ne4 Rd5 35. Rxb7 Rxa5 36. Nd6 Bg6 37. f4 Bd3 38. Ne8 Nc3 39. Nd6 Ra1+ 40. Kh2 Ra2 41. Kh1 Ra1+ 1/2-1/2

[Event "BL 2425 USV TU Dresden - SV Deggendorf"]
[Site "?"]
[Date "2025.01.11"]
[Round "5.6"]
[White "Neef, Maximilian"]
[Black "Delchev, Aleksander"]
[Result "1/2-1/2"]
[WhiteElo "2469"]
[BlackElo "2465"]
[PlyCount "97"]
[EventDate "2025.??.??"]

1. Nf3 d5 2. g3 g6 3. Bg2 Bg7 4. d4 Nf6 5. O-O O-O 6. c3 Re8 7. Bf4 Nbd7 8. Nbd2 Nh5 9. Be3 e5 10. dxe5 Nxe5 11. Re1 Nxf3+ 12. Bxf3 Nf6 13. Bd4 c6 14. c4 dxc4 15. Nxc4 Be6 16. Rc1 Qe7 17. e3 Rad8 18. Qe2 Nd7 19. Bxg7 Kxg7 20. Red1 Bxc4 21. Qxc4 Qf6 22. Qe2 Ne5 23. Bg2 Rxd1+ 24. Rxd1 Rd8 25. b3 Rd6 26. h3 Qd8 27. Rxd6 Qxd6 28. Kh2 h5 29. Qb2 Kg8 30. f4 Nd7 31. Qc3 Nf8 32. b4 Ne6 33. a3 a6 34. Qf6 Qd3 35. Qe5 Qxa3 36. Qb8+ Nf8 37. Qxb7 Qxe3 38. h4 Qe2 39. Qxc6 Ne6 40. Qe4 Qd2 41. f5 gxf5 42. Qxf5 Qxb4 43. Qxh5 a5 44. Bd5 Qe1 45. Qf3 Kg7 46. Qg4+ Kf8 47. Qf3 Kg7 48. Qg4+ Kf8 49. Qf3 1/2-1/2

[Event "BL 2425 USV TU Dresden - SV Deggendorf"]
[Site "?"]
[Date "2025.01.11"]
[Round "5.7"]
[White "Popovic, Dusan"]
[Black "Boensch, Uwe"]
[Result "1/2-1/2"]
[WhiteElo "2495"]
[BlackElo "2464"]
[PlyCount "41"]
[EventDate "2025.??.??"]

1. e4 c5 2. Nf3 Nc6 3. Bb5 g6 4. O-O Bg7 5. c3 a6 6. Ba4 b5 7. Bb3 Bb7 8. d4 cxd4 9. cxd4 Na5 10. Bc2 Nf6 11. Qe2 O-O 12. Bd3 d6 13. Bg5 d5 14. Nbd2 dxe4 15. Nxe4 Nc4 16. Rfe1 h6 17. Bh4 Rc8 18. Rad1 Re8 19. b3 Nxe4 20. Bxe4 Bxe4 21. Qxe4 1/2-1/2

[Event "BL 2425 USV TU Dresden - SV Deggendorf"]
[Site "?"]
[Date "2025.01.11"]
[Round "5.8"]
[White "Tischbierek, Raj"]
[Black "Sedlak, Nikola"]
[Result "0-1"]
[WhiteElo "2432"]
[BlackElo "2456"]
[PlyCount "108"]
[EventDate "2025.??.??"]

1. e4 c5 2. Nf3 d6 3. d4 cxd4 4. Nxd4 Nf6 5. Nc3 Bd7 6. Be2 Nc6 7. O-O g6 8. Nb3 Bg7 9. Bg5 O-O 10. Kh1 Rb8 11. f4 b5 12. Bf3 a5 13. a4 bxa4 14. Nxa4 Qc7 15. Nc3 Be6 16. Nd5 Bxd5 17. exd5 Nb4 18. c3 Nd3 19. Nxa5 Nxb2 20. Qe2 Qxc3 21. Nc6 Rb3 22. Qxe7 Nd3 23. Ra2 Rb2 24. Rxb2 Qxb2 25. Qe3 Nc5 26. Qc1 Qxc1 27. Rxc1 Re8 28. Rb1 Nfe4 29. Bxe4 Nxe4 30. Be7 Bf6 31. Rb7 Bxe7 32. Rxe7 Kf8 33. Rxe8+ Kxe8 34. g3 Kd7 35. Kg2 Nf6 36. Nb4 Kc7 37. Kf3 Kb6 38. Nc6 Nxd5 39. Nd8 f6 40. g4 Kc7 41. Ne6+ Kd7 42. Nd4 Nc7 43. f5 g5 44. h4 h6 45. hxg5 hxg5 46. Ke3 d5 47. Kd3 Kd6 48. Ke3 Kc5 49. Kd3 Nb5 50. Ne6+ Kd6 51. Ke3 Na7 52. Nd4 Nc6 53. Nb5+ Kc5 54. Nc7 Ne5 0-1

[Event "BL 2425 SK Kirchweyhe - Hamburger SK"]
[Site "?"]
[Date "2025.01.12"]
[Round "6.1"]
[White "Grandelius, Nils"]
[Black "Saric, Ivan"]
[Result "1-0"]
[WhiteElo "2639"]
[BlackElo "2667"]
[PlyCount "65"]
[EventDate "2025.??.??"]

1. e4 c5 2. Nf3 d6 3. d4 cxd4 4. Nxd4 Nf6 5. Nc3 a6 6. Be2 e5 7. Nb3 Be7 8. Be3 Be6 9. f4 exf4 10. Bxf4 Nc6 11. Qd2 a5 12. Nd4 Nxd4 13. Qxd4 O-O 14. O-O-O a4 15. Bxd6 Bxd6 16. Qxd6 Qa5 17. a3 Rfc8 18. Qg3 Rc5 19. Rd4 b5 20. Rhd1 Rac8 21. Qd3 Ne8 22. Qe3 Qc7 23. h3 h6 24. R1d2 Rb8 25. Rb4 Nd6 26. Nxa4 Rg5 27. g4 bxa4 28. Rxb8+ Qxb8 29. Qf4 Bxg4 30. hxg4 Rg6 31. e5 Ne8 32. Bc4 Nf6 33. Bxf7+ 1-0

[Event "BL 2425 SK Kirchweyhe - Hamburger SK"]
[Site "?"]
[Date "2025.01.12"]
[Round "6.2"]
[White "Predojevic, Borki"]
[Black "Svane, Frederik"]
[Result "1/2-1/2"]
[WhiteElo "2564"]
[BlackElo "2664"]
[PlyCount "41"]
[EventDate "2025.??.??"]

1. e4 c5 2. Nc3 d6 3. d4 cxd4 4. Qxd4 Nc6 5. Qd2 g6 6. b3 Bh6 7. f4 Nf6 8. Bb2 O-O 9. O-O-O a5 10. a4 Nb4 11. Kb1 Qb6 12. Nf3 Bg4 13. Bc4 Rac8 14. Rhf1 Rxc4 15. bxc4 Rc8 16. h3 Be6 17. e5 Ne8 18. Rfe1 Rxc4 19. exd6 Qxd6 20. Qxd6 Nxd6 21. Nd4 1/2-1/2

[Event "BL 2425 SK Kirchweyhe - Hamburger SK"]
[Site "?"]
[Date "2025.01.12"]
[Round "6.3"]
[White "Svane, Rasmus"]
[Black "Kadric, Denis"]
[Result "1/2-1/2"]
[WhiteElo "2624"]
[BlackElo "2551"]
[PlyCount "47"]
[EventDate "2025.??.??"]

1. d4 d6 2. e4 Nf6 3. Nc3 e5 4. Nf3 Nbd7 5. Bc4 Be7 6. O-O O-O 7. a4 c6 8. Re1 h6 9. h3 Re8 10. a5 Bf8 11. Be3 exd4 12. Bxd4 Qc7 13. Nd2 Rb8 14. Bxa7 Ra8 15. Bd4 Rxa5 16. b4 Rxa1 17. Qxa1 d5 18. exd5 Rxe1+ 19. Qxe1 Bxb4 20. dxc6 bxc6 21. Nde4 Nxe4 22. Qxe4 Nf8 23. Ne2 Bd6 24. Bc3 1/2-1/2

[Event "BL 2425 SK Kirchweyhe - Hamburger SK"]
[Site "?"]
[Date "2025.01.12"]
[Round "6.4"]
[White "Markus, Robert"]
[Black "Mendonca, Leon Luke"]
[Result "1/2-1/2"]
[WhiteElo "2594"]
[BlackElo "2639"]
[PlyCount "70"]
[EventDate "2025.??.??"]

1. Nf3 d5 2. g3 Nf6 3. Bg2 c5 4. d3 Nc6 5. O-O e6 6. Nbd2 Be7 7. e4 O-O 8. Re1 Qc7 9. c3 b5 10. exd5 exd5 11. Nb3 Bg4 12. h3 Bh5 13. Be3 Nd7 14. d4 c4 15. Nc1 Nb6 16. Ne2 Bg6 17. Ne5 Be4 18. Nf4 Bxg2 19. Kxg2 Bd6 20. Qf3 Rad8 21. Nxc6 Qxc6 22. Nh5 f5 23. Bf4 Bxf4 24. Nxf4 Rde8 25. Re5 Rxe5 26. dxe5 g5 27. Ne2 Qe6 28. Qe3 f4 29. gxf4 gxf4 30. Nxf4 Qh6 31. Ne2 Qxe3 32. fxe3 Re8 33. Nd4 Rxe5 34. Nxb5 Rxe3 35. Rf1 a5 1/2-1/2

[Event "BL 2425 SK Kirchweyhe - Hamburger SK"]
[Site "?"]
[Date "2025.01.12"]
[Round "6.5"]
[White "Huschenbeth, Niclas"]
[Black "Stevic, Hrvoje"]
[Result "1/2-1/2"]
[WhiteElo "2596"]
[BlackElo "2541"]
[PlyCount "89"]
[EventDate "2025.??.??"]

1. e4 e5 2. Nf3 Nc6 3. Bb5 a6 4. Ba4 Nf6 5. O-O Nxe4 6. d4 b5 7. Bb3 d5 8. dxe5 Be6 9. c3 Be7 10. Nbd2 Nc5 11. Nd4 Nxe5 12. Bc2 Qd6 13. N2b3 Bg4 14. f3 Nxb3 15. Nxb3 Bd7 16. Be3 O-O 17. Bc5 Qe6 18. Bxe7 Qxe7 19. Qxd5 Bc6 20. Qc5 Qxc5+ 21. Nxc5 a5 22. a4 bxa4 23. Bxa4 Rfb8 24. Rfe1 Bxa4 25. Rxa4 Ng6 26. b3 h6 27. Rea1 Rd8 28. b4 Nf4 29. bxa5 Ne2+ 30. Kf2 Nxc3 31. Rc4 Nb5 32. a6 Rd2+ 33. Kg3 Ra7 34. Rb4 c6 35. Rc4 Nd6 36. Rc3 Nb5 37. Rcc1 Rd5 38. Ne4 Nd4 39. Rcb1 Rb5 40. Rxb5 cxb5 41. Rd1 Ne6 42. Rd6 b4 43. Rb6 b3 44. Nd6 Nc5 45. Ne4 1/2-1/2

[Event "BL 2425 SK Kirchweyhe - Hamburger SK"]
[Site "?"]
[Date "2025.01.12"]
[Round "6.6"]
[White "Jovanovic, Zoran"]
[Black "Engel, Luis"]
[Result "0-1"]
[WhiteElo "2523"]
[BlackElo "2549"]
[PlyCount "64"]
[EventDate "2025.??.??"]

1. e4 c5 2. Nf3 d6 3. Nc3 Nf6 4. Bb5+ Bd7 5. Qe2 Nc6 6. Bxc6 Bxc6 7. d4 cxd4 8. Nxd4 g6 9. Bg5 Bg7 10. O-O-O Qa5 11. h4 O-O 12. Nb3 Qc7 13. h5 b5 14. hxg6 hxg6 15. f3 b4 16. Nd5 Bxd5 17. exd5 a5 18. Nd4 b3 19. axb3 a4 20. Qc4 Rfc8 21. Qxc7 Rxc7 22. Bxf6 Bxf6 23. Kb1 Rc5 24. Nc6 a3 25. c4 axb2 26. Kc2 e6 27. Nb4 Rc7 28. Rhe1 Rb7 29. Nc6 exd5 30. Rxd5 Ra1 31. Red1 Rxb3 32. Kxb3 Rc1 0-1

[Event "BL 2425 SK Kirchweyhe - Hamburger SK"]
[Site "?"]
[Date "2025.01.12"]
[Round "6.7"]
[White "Costa, Leonardo"]
[Black "Kovacevic, Aleksandar"]
[Result "1/2-1/2"]
[WhiteElo "2494"]
[BlackElo "2446"]
[PlyCount "119"]
[EventDate "2025.??.??"]

1. e4 c5 2. Nf3 e6 3. d4 cxd4 4. Nxd4 a6 5. Nc3 b5 6. Bd3 Bb7 7. O-O Nc6 8. Nxc6 Bxc6 9. Re1 Ne7 10. Bf1 Ng6 11. Be3 f6 12. Nd5 Kf7 13. c4 bxc4 14. Nb6 Bb4 15. Nxa8 Bxe1 16. Nb6 Bb4 17. Bxc4 Qc7 18. Rc1 Ba5 19. Na4 Bb4 20. Nc5 Bxc5 21. Bxc5 Qb7 22. b4 Ne5 23. Bf1 Bb5 24. f4 Nc6 25. Qh5+ g6 26. Qh4 Qc7 27. Bxb5 axb5 28. Rd1 h5 29. e5 Qd8 30. Rxd7+ Qxd7 31. Qxf6+ Kg8 32. Qxg6+ Qg7 33. Qxe6+ Kh7 34. Qxc6 Rd8 35. Bd6 Qa7+ 36. Qc5 Qxc5+ 37. Bxc5 Kg6 38. e6 Ra8 39. g3 Rxa2 40. h3 Kf5 41. e7 Ra8 42. Kg2 h4 43. Kf3 hxg3 44. Kxg3 Rg8+ 45. Kf3 Rh8 46. h4 Ke6 47. h5 Kf7 48. Kg4 Rg8+ 49. Kf5 Rh8 50. Kg5 Rg8+ 51. Kf5 Rh8 52. Ke5 Rxh5+ 53. Kd6 Ke8 54. Kc6 Rf5 55. Kxb5 Kd7 56. Ka6 Rxf4 57. b5 Ra4+ 58. Kb7 Ra5 59. Kb6 Ra4 60. Kb7 1/2-1/2

[Event "BL 2425 SK Kirchweyhe - Hamburger SK"]
[Site "?"]
[Date "2025.01.12"]
[Round "6.8"]
[White "Genov, Petar"]
[Black "Kramer, Julian"]
[Result "1/2-1/2"]
[WhiteElo "2413"]
[BlackElo "2480"]
[PlyCount "70"]
[EventDate "2025.??.??"]

1. e4 c5 2. Nf3 d6 3. c3 Nf6 4. Be2 Bd7 5. d3 g6 6. O-O Bg7 7. Re1 O-O 8. Bf1 Bc6 9. Nbd2 e5 10. a4 Nbd7 11. b4 b6 12. Bb2 Re8 13. b5 Bb7 14. c4 a5 15. g3 Nf8 16. Nb1 Bh6 17. Bh3 Bc8 18. Bxc8 Rxc8 19. Nc3 Ne6 20. Bc1 Bxc1 21. Rxc1 Nd4 22. Kg2 Kg7 23. Rf1 Rf8 24. Rb1 Nxf3 25. Qxf3 Nh5 26. Nd5 f5 27. exf5 Rxf5 28. Qe4 Nf6 29. Nxf6 Rxf6 30. f4 exf4 31. Rxf4 Rxf4 32. Qxf4 Qf6 33. Rf1 Rf8 34. Qxf6+ Rxf6 35. Rd1 Kf7 1/2-1/2